| 000 | 01054cam a2200313 4500 | ||
|---|---|---|---|
| 001 | 27404 | ||
| 003 | BD-RjUL | ||
| 005 | 20211209051142.0 | ||
| 008 | 140325r19681892nyuahc b 001 0beng d | ||
| 035 | _a(BD-RjUL)27477 | ||
| 040 |
_aDLC _cDLC _dDLC _dBD-RjUL _beng |
||
| 041 | 1 |
_aeng _hita |
|
| 082 | 0 | 0 |
_a914.5036 _bVIL 1968 |
| 100 | 1 |
_aVillari, Pasquale, _d1827-1917. _979634 |
|
| 245 | 1 | 4 |
_aThe life and times of Niccolò Machiavelli / _cTranslated by Linda Villari. _nVolume-1 |
| 250 | _aNew ed. | ||
| 260 |
_aNew York : _bGreenwood Press, _c1968. |
||
| 300 |
_aV-1 (xxvi, 550 p.) ; _bill. ; _c23 cm. |
||
| 500 | _aReprint of the 1892 ed. | ||
| 500 | _aTranslation of Niccolò Machiavelli e i suoi tempi. | ||
| 504 | _aBibliographical footnotes. | ||
| 600 | 1 | 0 |
_aMachiavelli, Niccolò, _d1469-1527. _984195 |
| 651 | 0 |
_aItaly _xHistory _y1492-1559. _979637 |
|
| 700 | 1 |
_aVillari, Linda, _d1836-1915, _etr. _979639 |
|
| 942 |
_2ddc _cBK |
||
| 999 |
_c27404 _d27404 |
||